• 首页
  • 本馆介绍
  • 公告通知
  • 最新文献
  • 馆藏检索
  • 电子资源
  • 读者导购
  • 参考咨询
  • 我的图书馆
  • 登录
  • 详细信息显示
  • 放入我的书架
  • 预约/预借图书
  • 作者相关作品
  • 分类相关作品
  • 丛书相关作品
  • 出版社相关作品

书目信息

  • 表格格式
  • 工作单格式
  • 卡片格式
题名:
传声器的原理及使用技巧
    
 
作者: 帕维拉著 , 黄布华 译
分册:  
出版信息: 北京   新时代出版社  1984.11
页数: 85页
开本: 20cm
丛书名:
单 册:
中图分类: J611
科图分类:
主题词: 音乐--技术--理论 , 音乐--技术--方法
电子资源:
ISBN:
000 00642nam0 2200217 45
001 0312221749
005 20031222171146.7
010    @dCNY0.33
100    @a20031222d1984 km y0chiy0120 ea
101    @achi
105    @a z 000yy
200 1  @a传声器的原理及使用技巧@AChuan Sheng Qi De Yuan Li Ji Shi Yong Ji Qiao@f帕维拉著,黄布华译@FPa Wei La Zhu,Huang Bu Hua Yi
210    @a北京@c新时代出版社@d1984.11
215    @a85页@d20cm
606 0  @a音乐@x技术@x理论
606 0  @a音乐@x技术@x方法
690    @aJ611@v3
701 0  @a帕维拉著@4译
701 0  @a黄布华@4译
801    @aCN@bTSTCL@c20031222
905    @a213230@dJ611@e47@b168388-389@f2
    
    传声器的原理及使用技巧/帕维拉著,黄布华译.-北京:新时代出版社,1984.11
    85页;20cm
    
    
    ISBN :CNY0.33
    
●
相关链接 在E读中查询图书 在五车中查询图书 在当当中查询图书 在豆瓣中查询图书


正题名:传声器的原理及使用技巧     索取号:J611/47         预约/预借

序号 登录号 条形码 馆藏地/架位号 状态 备注
1 0168388   000574907   第一借阅区/ [索取号:J611/47] 在馆    
2 0168389   000574916   第一样本阅览室/ [索取号:J611/47] 在馆    
唐山师范学院图书馆 欢迎您!
大连网信软件有限公司© 版权所有